00599nam a2200157Ia 4500008004100000100001600041245006800057245007400125260005300199260001300252300000800265650001500273856006100288999001900349952007300368170221s9999 xx 000 0 und d aA.I. Guseva 4aThe Formation of User Model in Scientifi c Recommender Systems  cA.I. Guseva, V.S. Kireev, P.V. Bochkarev, D.S. Smirnov, S.A. Filippov bInternational Review of Management and Marketing cMay 2012 a1:1 xMarketing. uhttp://www.econjournals.com/index.php/irmm/issue/view/86 c310431d310431 001040aCLbCLd2017-02-21l0r2017-02-21 00:00:00w2017-02-21yFOJ